000 00909nas a2200277 4500
001 BR8901300
003 BR-BrBNA
005 20231205091500.0
007 ta
008 230509b bl.|||p| |||| 00| 00por d
040 _aBR-BrBNA
_bpor
_cBiblioteca Nacional de Agricultura
041 _a(Pt)
072 _aL02
100 1 _aSusin, I.
100 1 _aMachado Neto, R.
100 1 _aPires, A.V.
100 1 _aPacker, J.V.
245 1 _aDesempenho de bezerros submetidos a diferentes dietas liquidas e periodo de aleitamento
246 1 _aPerformance of calves submitted to different liquid diets and periods of milk feeding
650 _aBEZERRO
650 _aALEITAMENTO
650 _aDESMAMA
773 0 _tRevista da Sociedade Brasileira de Zootecnia (Brazil)
_xISSN 0100-4859
_g(Jan-Feb 1988), v. 17(1) p. 108-114
_wBR8901300
909 _a202311
_bLúcia
_c55
_dLúcia Elande
942 _2AGRIS
_n0
_cANA
999 _c125387
_d125387